Loading...
Current Events | 1 | 10.00 | 0% | 100% | 0% |
Fine Arts - Auditory Fine Arts | 1 | 10.00 | 0% | 0% | 100% |
Fine Arts - Other Fine Arts | 1 | 10.00 | 0% | 100% | 0% |
Fine Arts - Visual Fine Arts | 4 | 17.50 | 100% | 75% | 0% |
Geography | 1 | 20.00 | 100% | 100% | 0% |
History - American History | 3 | 10.00 | 67% | 0% | 33% |
History - European History | 4 | 15.00 | 100% | 50% | 0% |
History - Other History | 3 | 16.67 | 100% | 33% | 33% |
History - World History | 3 | 10.00 | 67% | 33% | 0% |
Literature - American Literature | 2 | 20.00 | 100% | 100% | 0% |
Literature - British Literature | 4 | 20.00 | 100% | 100% | 0% |
Literature - European Literature | 2 | 20.00 | 100% | 100% | 0% |
Literature - World Literature | 3 | 16.67 | 100% | 67% | 0% |
Mythology | 2 | 15.00 | 100% | 50% | 0% |
Philosophy | 2 | 15.00 | 100% | 0% | 50% |
Pop Culture | 1 | 10.00 | 100% | 0% | 0% |
Religion | 2 | 15.00 | 100% | 50% | 0% |
Science - Biology | 1 | 10.00 | 0% | 100% | 0% |
Science - Chemistry | 3 | 20.00 | 100% | 67% | 33% |
Science - Other Science | 1 | 20.00 | 100% | 100% | 0% |
Science - Physics | 1 | 20.00 | 100% | 100% | 0% |
Social Science | 3 | 13.33 | 33% | 67% | 33% |